000
00279nam a22001217a 4500
008
171003b xxu||||| |||| 00| 0 eng d
041
_a
eng
080
_a
48
100
_a
48
101
_a
PSI
245
_a
LANGUAGE AND LEARNING DIABILITIES
_c
THOMAS.CH.C
942
_2
udc
_c
BK
999
_c
31365
_d
31365